| 000 | 01108nam a22002777a 4500 | ||
|---|---|---|---|
| 001 | BINCO | ||
| 003 | CO-MdBIC | ||
| 005 | 20220428230212.0 | ||
| 008 | 220428b2005 ck ac||| |||| 00| 0 spa d | ||
| 020 | _a9789583018978 | ||
| 040 |
_a CO-MdBIC _bspa. _cCO-MdBIC _d CO-MdBIC |
||
| 041 | _aspa | ||
| 082 |
_222 _a513 _bK52 |
||
| 100 |
_a King, Andrew, _d1961- |
||
| 245 |
_aNúmeros _c/ King, Andrew, escritor _f1961- |
||
| 250 | _aPrimera edición | ||
| 260 | 1 |
_aBogotá, Colombia: _bPanamericana, _c[2005] |
|
| 260 | 4 | _a© 2005 | |
| 300 |
_a32 paginas; _bilustraciones a color: _c28 cm. |
||
| 490 | _ajóvenes científicos | ||
| 500 | _aNúmeros te ayudará a aprender acerca del sistema numérico y a explorar las cuatro habilidades aritméticas. Aprenderás que la suma te dará una visión de rayos x, mientras que la resta te salvará de la mancha negra; multiplicando llegarás a la cima de una montaña y dividiendo encontrarás marcianos. | ||
| 650 | _vmatemáticas | ||
| 700 |
_aGilberto Forero Gonzáles _etraductor |
||
| 700 |
_aKenyon, Tony, _d1960- _eilustrador |
||
| 942 | _cLGB | ||
| 999 |
_c67836 _d67836 |
||